| 000 | 00381nam a2200145Ia 4500 | ||
|---|---|---|---|
| 008 | 210430s9999 xx 000 0 und d | ||
| 020 | _a978-0-7277-3611-6 | ||
| 082 | _a666.94 B 993 P | ||
| 100 |
_aGerry Bye _954385 |
||
| 245 |
_aPortland Cement 3rd edition / _cGerry Bye |
||
| 250 | _a3rd edition | ||
| 260 |
_aUSA _bICE Publiching _c1983 |
||
| 300 | _a217 p | ||
| 942 |
_cBK _2ddc |
||
| 999 |
_c564952 _d564952 |
||